| 000 | 00442nam a2200181Ia 4500 | ||
|---|---|---|---|
| 001 | 2665 | ||
| 005 | 20260306144823.0 | ||
| 008 | 260306t2012||||xx |||||||||||||| ||spa|| | ||
| 041 | _aESP | ||
| 082 |
_a201 _bS719 |
||
| 100 |
_aSayés, José Antonio _eAUT |
||
| 245 | 0 |
_aSíntesis filosófica: _bclaves para una reforma |
|
| 260 | _c2012 | ||
| 300 |
_a142 páginas : _c21 cm. |
||
| 650 | _aGEN | ||
| 654 | _aCHU | ||
| 942 |
_cLIB _dJUS _fJUS _2ddc _n |
||
| 999 |
_c2665 _d2665 |
||